| 000 | 01003cam a22002895a 4500 | ||
|---|---|---|---|
| 001 | 17453881 | ||
| 005 | 20201128023704.0 | ||
| 008 | 120906t2013 nyua frb 001 0 eng d | ||
| 020 | _a9781627031394 (alk. paper) | ||
| 040 |
_aNLM _beng _cNLM _dOCLCO _dDLC _dEG-ScBUE |
||
| 082 | 0 | 4 |
_222 _a615.317 _bNAN |
| 245 | 0 | 0 |
_aNanotechnology for nucleic acid delivery : _bmethods and protocols / _cedited by Manfred Ogris, David Oupicky. |
| 260 |
_aNew York : _bHumana Press, _cc.2013. |
||
| 300 |
_axii, 286 p. : _bill. ; _c26 cm. |
||
| 490 | 0 |
_aMethods in molecular biology, _x1064-3745 ; _v948 |
|
| 490 | 0 | _aSpringer protocols | |
| 500 | _aIndex : p. 285-286. | ||
| 504 | _aIncludes bibliographical references. | ||
| 650 | 7 |
_aNucleic acids. _2BUEsh _939674 |
|
| 650 | 7 |
_aNanotechnology. _9519 _2BUEsh |
|
| 650 | 0 |
_aPharmaceutical biotechnology. _939079 _2BUEsh |
|
| 651 | _2BUEsh | ||
| 653 |
_bENGGEN _cMarch2016 |
||
| 700 | 1 |
_aOgris, Manfred, _eeditor. |
|
| 700 | 1 |
_aOupicky, David, _eeditor. |
|
| 942 | _2ddc | ||
| 999 |
_c21506 _d21478 |
||